[Event "Napoli Parthenope op 1st"]
[Site "Napoli"]
[Date "2005.05.14"]
[Round "4"]
[White "Basile, Aldo"]
[Black "Altieri, Danilo Mario"]
[Result "0-1"]
[WhiteElo "1437"]
[BlackElo "2023"]
[PlyCount "74"]
[EventDate "2005.05.13"]
[EventType "swiss"]
[EventRounds "6"]
[EventCountry "ITA"]
[SourceTitle "EXT 2007"]
[Source "ChessBase"]
[SourceDate "2006.11.23"]
[SourceVersion "1"]
[SourceVersionDate "2006.11.23"]
[SourceQuality "1"]

1. e4 d5 2. e5 Bf5 3. d4 e6 4. Nf3 Nd7 5. Bd3 Bxd3 6. Qxd3 a6 7. Nbd2 c5 8. c3 Ne7 9. b3 Nc6 10. Ba3 Qa5 11. Bb2 h6 12. 0-0 cxd4 13. cxd4 Ba3 14. Bxa3 Qxa3 15. Ne1 Rc8 16. Nc2 Qe7 17. f4 Nb4 18. Nxb4 Qxb4 19. a3 Qb6 20. f5 Nxe5 21. Qe3 Ng4 22. Qf4 Nf6 23. fxe6 fxe6 24. Nf3 0-0 25. Qe3 Ng4 26. Qe2 Qd6 27. h3 Nf6 28. Rae1 Ne4 29. Nh4 Rxf1+ 30. Rxf1 Ng3 31. Qf3 Nxf1 32. Qxf1 Qc7 33. Qe2 Qc1+ 34. Kh2 Qf4+ 35. g3 Qe4 36. Qh5 Rc2+ 37. Kg1 Qe1# 0-1

[Event "Rome Steinitz op 1st"]
[Site "Rome"]
[Date "2002.07.05"]
[Round "1"]
[White "Clifford, Roby"]
[Black "Basile, Aldo"]
[Result "0-1"]
[WhiteElo "1600"]
[BlackElo "1289"]
[PlyCount "134"]
[EventDate "2002.07.05"]
[EventType "swiss"]
[EventRounds "5"]
[EventCountry "ITA"]
[SourceTitle "EXT 2007"]
[Source "ChessBase"]
[SourceDate "2006.11.23"]
[SourceVersion "1"]
[SourceVersionDate "2006.11.23"]
[SourceQuality "1"]

1. e4 e5 2. Nf3 d6 3. d3 g6 4. Nbd2 Nc6 5. c3 Bg7 6. Qc2 Nh6 7. Be2 0-0 8. 0-0 f5 9. Re1 f4 10. Nb3 g5 11. h3 g4 12. hxg4 Bxg4 13. d4 Bxf3 14. Bxf3 Qh4 15. d5 Ne7 16. Qe2 b6 17. Bd2 Rf6 18. a4 Nf7 19. Bg4 Ng5 20. f3 Rh6 21. Qf1 Qg3 22. Qf2 Rh1+ 23. Kxh1 Qxf2 24. Rf1 Qh4+ 25. Kg1 h5 26. Be1 Nxf3+ 27. Bxf3 Qg5 28. Kf2 Kf7 29. Rh1 Rh8 30. a5 b5 31. Ke2 a6 32. Bh4 Qg6 33. Nc1 Bf6 34. Nd3 Bxh4 35. Rxh4 Qg5 36. Rah1 Ng8 37. Rxh5 Rxh5 38. Rxh5 Qd8 39. Rh7+ Kg6 40. Rh8 Kg7 41. Rh5 Qa8 42. Nb4 Qa7 43. Rg5+ Kh7 44. Rh5+ Kg6 45. Nc2 Nf6 46. Rh8 Qc5 47. Ra8 Qc4+ 48. Kf2 Nxe4+ 49. Bxe4+ Qxe4 50. Rg8+ Kf7 51. Rg4 Qxd5 52. Ke2 Qa2 53. Nb4 Qxa5 54. Nc6 Qb6 55. Nb4 Qb7 56. Rg5 Kf6 57. Rg8 c5 58. Nc2 e4 59. Rf8+ Kg5 60. Rg8+ Kh4 61. g3+ fxg3 62. Ne3 Qf7 63. Rh8+ Kg5 64. Rd8 Qf4 65. Rg8+ Kh6 66. Rxg3 Kh5 67. Rh3+ Kg5 0-1